<?xml version="1.0" encoding="UTF-8"?>
<marc:record xmlns:marc="http://www.loc.gov/MARC21/slim">
   <marc:leader>00000nam a2200000 a 4500</marc:leader>
   <marc:datafield ind1=" " ind2=" " tag="653">
      <marc:subfield code="a">Gedichte</marc:subfield>
   </marc:datafield>
   <marc:datafield ind1=" " ind2=" " tag="653">
      <marc:subfield code="a">Moderne Unterhaltung</marc:subfield>
   </marc:datafield>
   <marc:datafield ind1=" " ind2=" " tag="653">
      <marc:subfield code="a">Sammlungen</marc:subfield>
   </marc:datafield>
   <marc:datafield ind1=" " ind2=" " tag="653">
      <marc:subfield code="a">TDD</marc:subfield>
   </marc:datafield>
   <marc:datafield ind1=" " ind2=" " tag="653">
      <marc:subfield code="a">Winter</marc:subfield>
   </marc:datafield>
   <marc:datafield ind1="0" ind2="0" tag="245">
      <marc:subfield code="a">Das Hörbuch für Regentage</marc:subfield>
   </marc:datafield>
   <marc:datafield ind1="0" ind2="0" tag="245">
      <marc:subfield code="b">Geschichten, Gedichte und Musik, bis die Sonne wieder scheint</marc:subfield>
   </marc:datafield>
   <marc:datafield ind1="1" ind2=" " tag="520">
      <marc:subfield code="a">Mit einer bunten Mischung aus Geschichten, Gedichte und Musik werden graue Regentage und kalte Winterabende zu einem Erlebnis für die Ohren. Vergessen wir den Regen und hoffen auf die Sonne.&#xD;
&#xD;
Aus dem Inhalt:&#xD;
George Sand: Ein Winter auf Mallorca (Ausschnitt)&#xD;
Heinrich Heine: Deutschland. Ein Wintermärchen (Ausschnitt)&#xD;
Ulrich Maske: Regenvogel (Gedicht)&#xD;
Johann Wolfgang von Goethe: Gesang der Geister über den Wassern (Gedicht)&#xD;
Rainer Maria Rilke: Herbsttag (Gedicht)&#xD;
Clemens Brentano: Fröhlicher Regen (Gedicht)</marc:subfield>
   </marc:datafield>
</marc:record>
